[Event "Stay Safe Play from Home 161"]
[Site "T#646205Emanuel Laske"]
[Date "2020.05.20"]
[Round "5"]
[White "Eidgenosse"]
[Black "Klari64"]
[Result "1-0"]
[WhiteElo "2410"]
[BlackElo "2327"]
[Annotator "NA"]
[PlyCount "89"]
[EventDate "2020.05.20"]
[EventType "swiss (blitz)"]

1. d4 {[%emt 0:00:01]} c5 {[%emt 0:00:01]} 2. Nc3 {[%emt 0:00:00]} cxd4 {[%emt 0:00:01]} 3. Qxd4 {[%emt 0:00:00]} Nc6 {[%emt 0:00:00]} 4. Qh4 {[%emt 0:00:00]} e6 {[%emt 0:00:01]} 5. Bg5 {[%emt 0:00:01]} Be7 {[%emt 0:00:01]} 6. Bxe7 {[%emt 0:00:00]} Qxe7 {[%emt 0:00:00]} 7. Qxe7+ {[%emt 0:00:01]} Ngxe7 {[%emt 0:00:00]} 8. O-O-O {[%emt 0:00:00]} O-O {[%emt 0:00:01]} 9. e4 {[%emt 0:00:00]} d5 {[%emt 0:00:00]} 10. exd5 {[%emt 0:00:01]} Nxd5 {[%emt 0:00:00]} 11. Nxd5 {[%emt 0:00:00]} exd5 {[%emt 0:00:01]} 12. Rxd5 {[%emt 0:00:00]} Be6 {[%emt 0:00:00]} 13. Rd1 {[%emt 0:00:01]} Rac8 {[%emt 0:00:00]} 14. Bd3 {[%emt 0:00:01]} Nb4 {[%emt 0:00:01]} 15. a3 {[%emt 0:00:01]} Nxd3+ {[%emt 0:00:05]} 16. Rxd3 {[%emt 0:00:00]} Bf5 {[%emt 0:00:00]} 17. Rd2 {[%emt 0:00:00] Klari64 bietet Remis} Be4 {[%emt 0:00:05]} 18. Nf3 {[%emt 0:00:03]} Bxf3 {[%emt 0:00:01]} 19. gxf3 {[%emt 0:00:00]} Rc6 {[%emt 0:00:00]} 20. Rhd1 {[%emt 0:00:02]} Rf6 {[%emt 0:00:00]} 21. Rd3 {[%emt 0:00:03]} h5 {[%emt 0:00:01]} 22. Re1 {[%emt 0:00:01]} Rf4 {[%emt 0:00:01]} 23. Re4 {[%emt 0:00:01]} Rxe4 {[%emt 0:00:01]} 24. fxe4 {[%emt 0:00:00]} Re8 {[%emt 0:00:00]} 25. f3 {[%emt 0:00:01]} Re7 {[%emt 0:00:01]} 26. Rd5 {[%emt 0:00:01]} Kh7 {[%emt 0:00:00]} 27. Kd2 {[%emt 0:00:00]} Kg6 {[%emt 0:00:00]} 28. Ke3 {[%emt 0:00:00]} Rc7 {[%emt 0:00:01]} 29. c3 {[%emt 0:00:01]} b6 {[%emt 0:00:00]} 30. f4 {[%emt 0:00:01]} f6 {[%emt 0:00:01]} 31. h4 {[%emt 0:00:01]} Kf7 {[%emt 0:00:01]} 32. f5 {[%emt 0:00:00]} g6 {[%emt 0:00:00]} 33. Rd6 {[%emt 0:00:02]} g5 {[%emt 0:00:01]} 34. hxg5 {[%emt 0:00:01]} fxg5 {[%emt 0:00:00]} 35. Rh6 {[%emt 0:00:01]} h4 {[%emt 0:00:01]} 36. Rh7+ {[%emt 0:00:01]} Kf6 {[%emt 0:00:00]} 37. Rxc7 {[%emt 0:00:01]} g4 {[%emt 0:00:00]} 38. Rc6+ {[%emt 0:00:01]} Kg5 {[%emt 0:00:00]} 39. Rg6+ {[%emt 0:00:00]} Kh5 {[%emt 0:00:01]} 40. Kf4 {[%emt 0:00:00]} h3 {[%emt 0:00:00]} 41. Rxg4 {[%emt 0:00:02]} h2 {[%emt 0:00:00]} 42. Rg8 {[%emt 0:00:00]} Kh6 {[%emt 0:00:03]} 43. Rh8+ {[%emt 0:00:01]} Kg7 {[%emt 0:00:00]} 44. Rxh2 {[%emt 0:00:00]} Kf6 {[%emt 0:00:00]} 45. e5+ {[%emt 0:00:00] Klari64 gibt auf (Lag: Av=0.24s, max=0.4s)} 1-0

[Event "Stay Safe Play from Home 161"]
[Site "T#646205Emanuel Laske"]
[Date "2020.05.20"]
[Round "5"]
[White "Toosieslide"]
[Black "Castlingarrocco"]
[Result "1-0"]
[WhiteElo "2145"]
[BlackElo "2046"]
[Annotator "NA"]
[PlyCount "107"]
[EventDate "2020.05.20"]
[EventType "swiss (blitz)"]

1. d4 {[%emt 0:00:02]} d6 {[%emt 0:00:00]} 2. c4 {[%emt 0:00:00]} g6 {[%emt 0:00:00]} 3. Nc3 {[%emt 0:00:00]} Bg7 {[%emt 0:00:00]} 4. e4 {[%emt 0:00:00]} Nd7 {[%emt 0:00:01]} 5. f3 {[%emt 0:00:00]} e5 {[%emt 0:00:00]} 6. Be3 {[%emt 0:00:00]} Ngf6 {[%emt 0:00:00]} 7. Nge2 {[%emt 0:00:01]} O-O {[%emt 0:00:00]} 8. Qd2 {[%emt 0:00:01]} c6 {[%emt 0:00:01]} 9. d5 {[%emt 0:00:00]} c5 {[%emt 0:00:01]} 10. g4 {[%emt 0:00:01]} Kh8 {[%emt 0:00:03]} 11. h4 {[%emt 0:00:00]} h5 {[%emt 0:00:01]} 12. Ng3 {[%emt 0:00:01]} Nb6 {[%emt 0:00:02]} 13. Be2 {[%emt 0:00:04]} hxg4 {[%emt 0:00:02]} 14. h5 {[%emt 0:00:01]} Kg8 {[%emt 0:00:02]} 15. h6 {[%emt 0:00:06]} Bh8 {[%emt 0:00:02]} 16. h7+ {[%emt 0:00:01]} Nxh7 {[%emt 0:00:01]} 17. fxg4 {[%emt 0:00:03]} Ng5 {[%emt 0:00:02]} 18. Bxg5 {[%emt 0:00:03]} f6 {[%emt 0:00:01]} 19. Be3 {[%emt 0:00:01]} Bg7 {[%emt 0:00:00]} 20. O-O-O {[%emt 0:00:01]} Kf7 {[%emt 0:00:03]} 21. Rh7 {[%emt 0:00:01]} Rh8 {[%emt 0:00:01]} 22. Rdh1 {[%emt 0:00:02]} Rxh7 {[%emt 0:00:00]} 23. Rxh7 {[%emt 0:00:00]} Qg8 {[%emt 0:00:01]} 24. Rh1 {[%emt 0:00:02]} Bd7 {[%emt 0:00:01]} 25. Bh6 {[%emt 0:00:01]} Ke7 {[%emt 0:00:01]} 26. Bxg7 {[%emt 0:00:01]} Qxg7 {[%emt 0:00:00]} 27. Qh6 {[%emt 0:00:01]} Rg8 {[%emt 0:00:01]} 28. Qxg7+ {[%emt 0:00:03]} Rxg7 {[%emt 0:00:00]} 29. b3 {[%emt 0:00:01]} Nc8 {[%emt 0:00:01]} 30. Kd2 {[%emt 0:00:01]} Kf7 {[%emt 0:00:00]} 31. Ke3 {[%emt 0:00:00]} Ne7 {[%emt 0:00:01]} 32. Kf3 {[%emt 0:00:00]} f5 {[%emt 0:00:01]} 33. exf5 {[%emt 0:00:02]} gxf5 {[%emt 0:00:00]} 34. Nxf5 {[%emt 0:00:00]} Nxf5 {[%emt 0:00:01]} 35. gxf5 {[%emt 0:00:00]} Bxf5 {[%emt 0:00:00]} 36. Ne4 {[%emt 0:00:01]} Bg4+ {[%emt 0:00:01]} 37. Ke3 {[%emt 0:00:01]} Bxe2 {[%emt 0:00:01]} 38. Kxe2 {[%emt 0:00:00]} Rg2+ {[%emt 0:00:01]} 39. Ke3 {[%emt 0:00:00]} Rxa2 {[%emt 0:00:01]} 40. Nxd6+ {[%emt 0:00:00]} Kf6 {[%emt 0:00:01]} 41. Ne4+ {[%emt 0:00:01]} Kf5 {[%emt 0:00:01]} 42. Rh5+ {[%emt 0:00:00]} Kg4 {[%emt 0:00:01]} 43. Rxe5 {[%emt 0:00:01]} Ra1 {[%emt 0:00:01]} 44. d6 {[%emt 0:00:01]} Rd1 {[%emt 0:00:01]} 45. Rd5 {[%emt 0:00:00]} Re1+ {[%emt 0:00:01]} 46. Kd2 {[%emt 0:00:00]} Kf3 {[%emt 0:00:01]} 47. d7 {[%emt 0:00:00]} Rxe4 {[%emt 0:00:01]} 48. d8=Q {[%emt 0:00:01]} Re2+ {[%emt 0:00:00]} 49. Kd1 {[%emt 0:00:01]} Kf2 {[%emt 0:00:00]} 50. Qf6+ {[%emt 0:00:01]} Ke3 {[%emt 0:00:01]} 51. Qe5+ {[%emt 0:00:01]} Kf2 {[%emt 0:00:01]} 52. Qxe2+ {[%emt 0:00:00]} Kg3 {[%emt 0:00:00]} 53. Rf5 {[%emt 0:00:01]} Kh4 {[%emt 0:00:01]} 54. Qf3 {[%emt 0:00:01] Castlingarrocco abbandona (Lag: Av=0.55s, max=1.0s)} 1-0

[Event "Stay Safe Play from Home 161"]
[Site "T#646205Emanuel Laske"]
[Date "2020.05.20"]
[Round "5"]
[White "Weltszmerc"]
[Black "Karthikchess"]
[Result "0-1"]
[WhiteElo "2047"]
[BlackElo "2489"]
[Annotator "TA"]
[PlyCount "140"]
[EventDate "2020.05.20"]
[EventType "swiss (blitz)"]

{[%evp 11,140,35,76,-22,0,-16,-9,-75,-10,-23,19,-81,19,19,18,20,23,22,37,42,66,0,0,-85,-58,-127,-144,-166,-154,-151,-162,-161,-160,-171,-169,-323,-328,-320,-295,-556,-556,-545,-506,-654,-654,-654,-635,-654,-647,-647,-599,-783,-768,-775,-760,-745,-735,-29980,-722,-714,-711,-704,-664,-687,-680,-984,-982,-924,-917,-29968,-29969,-29966,-6512,-5633,-5531,-29977,-29977,-29977,-29978,-29981,-29980,-29981,-29982,-29982,-29983,-29983,-29984,-29983,-29984,-29986,-29987,-29987,-29984,-29984,-29985,-29985,-29986,-29986,-29987,-29987,-29988,-29988,-29989,-29989,-29990,-29990,-29991,-29991,-29992,-29993,-29994,-29995,-29996,-29996,-29995,-29996,-29996,-29996,-29997,-29997,-29998,-29998,-29998,-29998,-29998,-29998,-29998,-29998,-29998,-29998,-29999]} 1. d4 b6 2. c4 Bb7 3. Nc3 e6 4. e4 Bb4 5. f3 f5 6. exf5 Nh6 7. Bd3 {A40: Unusual replies to 1 d4.} (7. fxe6 $16 Nf5 8. Bd3) 7... Qh4+ $11 8. g3 Qxd4 {[#]} 9. Bxh6 $146 (9. Nge2 $11 Qf6 10. Be4 Bxe4 11. fxe4) ({Predecessor:} 9. Nge2 Qf6 10. Bxh6 Qxh6 11. O-O Nc6 12. fxe6 Bc5+ 13. Kh1 O-O-O 14. Be4 Qxe6 15. Qa4 {0-1 (57) Jotic,V (2288)-Bokros,A (2471) Kovacica 2019}) 9... gxh6 ({Better is} 9... Bxc3+ $17 10. bxc3 Qxc3+ 11. Kf2 gxh6) 10. Nge2 Qe3 11. Rf1 (11. Qd2 $11 Qxd2+ 12. Kxd2) 11... Bxf3 (11... Bxc3+ $17 12. bxc3 Nc6) 12. Qd2 Qxd2+ 13. Kxd2 Bg4 14. fxe6 {Black should prevent Nd4.} Bxe6 15. a3 Bxc3+ 16. Nxc3 (16. Kxc3 $14 Nc6 17. Nf4) 16... Nc6 17. Be4 (17. Rae1 $11 {remains equal.}) 17... O-O-O {White is on the road to losing.} 18. Bd5 {[#]} ({White should try} 18. Nd5 $15) 18... Na5 $1 $17 {[%cal Ra5b3] And now ...Nb3+ would win.} 19. Kc2 Nxc4 {aiming for ...Ne3+.} 20. Bxc4 Bxc4 21. Rf4 Be6 22. Re1 Rhf8 23. Nb5 $2 {[#]} (23. Ref1 Rxf4 24. Rxf4) 23... Rxf4 $19 24. gxf4 {[%mdl 4096] Endgame KRB-KRN} Rf8 25. Rf1 $2 (25. Nxa7+ {keeps fighting.} Kb7 26. Nb5) 25... Bc4 26. Nxa7+ Kb7 27. Re1 Rxf4 28. Re7 Kxa7 29. Rxd7 {KRB-KR} Kb7 30. Kc3 Be6 31. Rxh7 Rh4 32. Re7 Rh3+ 33. Kd4 Bg4 34. Re2 h5 (34... c5+ $142 35. Ke4 Bxe2 36. Kd5 Rxh2 37. Ke5 h5 38. Kd6 h4 39. Ke5 h3 40. Ke4 Rg2 41. b3 h2 42. b4 h1=Q 43. bxc5 Qh4+ 44. Kf5 Qg5+ 45. Ke6 Bc4+ 46. Kd7 Rd2+ 47. Ke8 Qd8#) 35. Rf2 Rf3 36. Rg2 Rf4+ 37. Ke5 Rf1 38. Rd2 Re1+ 39. Kf4 Re2 40. Rxe2 Bxe2 {KB-K3P} 41. Ke3 Bd1 (41... Bg4 $142 42. Kd4 Ka6 43. Kc3 Ka5 44. b3 Be6 45. Kc2 b5 46. Kc3 c5 47. Kb2 c4 48. bxc4 Bxc4 49. Kc3 Ka4 50. Kb2 Be6 51. Kc3 Kxa3 52. Kd3 b4 53. Ke4 b3 54. Ke5 b2 55. Kxe6 b1=Q 56. Ke5 Qb8+ 57. Kf6 Qxh2 58. Kf5 h4 59. Ke4 h3 60. Kf3 Qe5 61. Kf2 h2 62. Kg2 Qf4 63. Kh1 Qh4 64. Kg2 h1=Q#) 42. Kd2 Bg4 43. h4 c5 {Black mates.} 44. Kc3 Kc6 45. b4 b5 46. bxc5 Kxc5 {KB-KPP} 47. Kb3 Be6+ 48. Kc3 Bc4 49. Kc2 Kd4 50. Kb2 Kd3 51. a4 bxa4 {KB-KP} 52. Ka3 Bb3 53. Kb2 Ke4 54. Ka3 Kf4 55. Kb2 Kg4 56. Kc3 Kxh4 57. Kd4 Kg3 58. Ke5 h4 59. Kf6 h3 60. Kg5 h2 61. Kf6 h1=Q 62. Ke5 Qf3 {[%csl Gg3][%cal Rf3f4]} 63. Kd4 a3 64. Kc5 a2 65. Kb4 a1=Q 66. Kc5 Qac3+ 67. Kb6 Qfd3 68. Kb7 Qcc4 69. Ka8 Qdd5+ 70. Ka7 Qdb5 {Accuracy: White = 45%, Black = 78%.} 0-1

[Event "Stay Safe Play from Home 161"]
[Site "T#646205Emanuel Laske"]
[Date "2020.05.20"]
[Round "5"]
[White "Haxhi Baha"]
[Black "UHU4"]
[Result "1-0"]
[WhiteElo "1951"]
[BlackElo "1495"]
[Annotator "NA"]
[PlyCount "59"]
[EventDate "2020.05.20"]
[EventType "swiss (blitz)"]

1. e4 {[%emt 0:00:01]} d5 {[%emt 0:00:01]} 2. exd5 {[%emt 0:00:01]} Qxd5 {[%emt 0:00:01]} 3. Nc3 {[%emt 0:00:01]} Qa5 {[%emt 0:00:01]} 4. Bc4 {[%emt 0:00:01]} c6 {[%emt 0:00:01]} 5. d3 {[%emt 0:00:00]} Nf6 {[%emt 0:00:01]} 6. Bd2 {[%emt 0:00:00]} Qc7 {[%emt 0:00:01]} 7. Qe2 {[%emt 0:00:02]} a5 {[%emt 0:00:01]} 8. h3 {[%emt 0:00:01]} b5 {[%emt 0:00:01]} 9. Bxb5 {[%emt 0:00:07]} cxb5 {[%emt 0:00:01]} 10. Nxb5 {[%emt 0:00:01]} Qb6 {[%emt 0:00:06]} 11. a4 {[%emt 0:00:05]} e6 {[%emt 0:00:04]} 12. Bf4 {[%emt 0:00:04]} Bc5 {[%emt 0:00:03]} 13. Nc7+ {[%emt 0:00:04]} Kf8 {[%emt 0:00:02]} 14. Nxa8 {[%emt 0:00:01]} Bb7 {[%emt 0:00:03]} 15. Nxb6 {[%emt 0:00:02]} Bxg2 {[%emt 0:00:02]} 16. Rh2 {[%emt 0:00:03]} Bxh3 {[%emt 0:00:06]} 17. Bxb8 {[%emt 0:00:02]} Bxb6 {[%emt 0:00:02]} 18. Nxh3 {[%emt 0:00:02]} Ke8 {[%emt 0:00:01]} 19. O-O-O {[%emt 0:00:01]} Ke7 {[%emt 0:00:01]} 20. Be5 {[%emt 0:00:01]} Nd5 {[%emt 0:00:03]} 21. Bxg7 {[%emt 0:00:01]} Rc8 {[%emt 0:00:01]} 22. Kb1 {[%emt 0:00:02]} Nb4 {[%emt 0:00:02]} 23. c3 {[%emt 0:00:02]} Nd5 {[%emt 0:00:04]} 24. Qh5 {[%emt 0:00:02]} Rb8 {[%emt 0:00:04]} 25. Ka2 {[%emt 0:00:02]} Bc5 {[%emt 0:00:03]} 26. Re1 {[%emt 0:00:01]} Kd6 {[%emt 0:00:01]} 27. Be5+ {[%emt 0:00:01]} Kc6 {[%emt 0:00:03]} 28. Bxb8 {[%emt 0:00:00]} Nxc3+ {[%emt 0:00:00]} 29. bxc3 {[%emt 0:00:01]} Bb4 {[%emt 0:00:01]} 30. cxb4 {[%emt 0:00:02] Tiempo ' (Lag: Av=0.87s, max=1.1s)} 1-0

[Event "Stay Safe Play from Home 161"]
[Site "T#646205Emanuel Laske"]
[Date "2020.05.20"]
[Round "5"]
[White "SecantFX"]
[Black "Tavares"]
[Result "0-1"]
[WhiteElo "1950"]
[BlackElo "1701"]
[Annotator "NA"]
[PlyCount "114"]
[EventDate "2020.05.20"]
[EventType "swiss (blitz)"]

1. e4 {[%emt 0:00:00]} d6 {[%emt 0:00:03]} 2. d3 {[%emt 0:00:02]} g6 {[%emt 0:00:00]} 3. f4 {[%emt 0:00:00]} Bg7 {[%emt 0:00:01]} 4. Nf3 {[%emt 0:00:00]} Nd7 {[%emt 0:00:01]} 5. c3 {[%emt 0:00:00]} e5 {[%emt 0:00:00]} 6. fxe5 {[%emt 0:00:01]} dxe5 {[%emt 0:00:01]} 7. Be3 {[%emt 0:00:02]} c6 {[%emt 0:00:01]} 8. Nbd2 {[%emt 0:00:01]} Ngf6 {[%emt 0:00:00]} 9. Qb3 {[%emt 0:00:01]} Ng4 {[%emt 0:00:02]} 10. Ng5 {[%emt 0:00:02]} O-O {[%emt 0:00:03]} 11. Nc4 {[%emt 0:00:08]} Nxe3 {[%emt 0:00:02]} 12. Nxe3 {[%emt 0:00:01]} Qxg5 {[%emt 0:00:01]} 13. Be2 {[%emt 0:00:02]} Qxe3 {[%emt 0:00:01]} 14. Qc2 {[%emt 0:00:01]} Nf6 {[%emt 0:00:02]} 15. Qd2 {[%emt 0:00:00]} Qxd2+ {[%emt 0:00:01]} 16. Kxd2 {[%emt 0:00:01]} Bg4 {[%emt 0:00:01]} 17. Bf1 {[%emt 0:00:02]} Rad8 {[%emt 0:00:03]} 18. h3 {[%emt 0:00:00]} Nxe4+ {[%emt 0:00:02]} 19. Ke3 {[%emt 0:00:01]} Ng3 {[%emt 0:00:03]} 20. Rg1 {[%emt 0:00:02]} Nxf1+ {[%emt 0:00:01]} 21. Raxf1 {[%emt 0:00:02]} Be6 {[%emt 0:00:00]} 22. b3 {[%emt 0:00:01]} f5 {[%emt 0:00:00]} 23. g3 {[%emt 0:00:01]} Rd7 {[%emt 0:00:01]} 24. Ke2 {[%emt 0:00:01]} Rfd8 {[%emt 0:00:00]} 25. Rd1 {[%emt 0:00:00]} e4 {[%emt 0:00:02]} 26. d4 {[%emt 0:00:01]} b6 {[%emt 0:00:01]} 27. b4 {[%emt 0:00:01]} a5 {[%emt 0:00:01]} 28. a3 {[%emt 0:00:01]} axb4 {[%emt 0:00:00]} 29. axb4 {[%emt 0:00:00]} Ra7 {[%emt 0:00:01]} 30. Rd2 {[%emt 0:00:01]} Bc4+ {[%emt 0:00:01]} 31. Ke3 {[%emt 0:00:03]} b5 {[%emt 0:00:00]} 32. Kf4 {[%emt 0:00:01]} Rda8 {[%emt 0:00:04]} 33. Kg5 {[%emt 0:00:02]} Ra3 {[%emt 0:00:01]} 34. Rc2 {[%emt 0:00:01]} Ra2 {[%emt 0:00:01]} 35. Rgg2 {[%emt 0:00:03]} Rxc2 {[%emt 0:00:01]} 36. Rxc2 {[%emt 0:00:00]} Ra2 {[%emt 0:00:01]} 37. Rxa2 {[%emt 0:00:01]} Bxa2 {[%emt 0:00:01]} 38. g4 {[%emt 0:00:00]} Bc4 {[%emt 0:00:00]} 39. gxf5 {[%emt 0:00:00]} e3 {[%emt 0:00:01]} 40. f6 {[%emt 0:00:02]} Bxf6+ {[%emt 0:00:01]} 41. Kxf6 {[%emt 0:00:01]} e2 {[%emt 0:00:00]} 42. Ke5 {[%emt 0:00:00]} e1=Q+ {[%emt 0:00:00]} 43. Kd6 {[%emt 0:00:00]} Qe6+ {[%emt 0:00:01]} 44. Kc5 {[%emt 0:00:01]} Qd5+ {[%emt 0:00:01]} 45. Kb6 {[%emt 0:00:00]} Bb3 {[%emt 0:00:01]} 46. Ka5 {[%emt 0:00:01]} Qc4 {[%emt 0:00:00]} 47. Kb6 {[%emt 0:00:01]} Qxc3 {[%emt 0:00:00]} 48. d5 {[%emt 0:00:00]} cxd5 {[%emt 0:00:02]} 49. h4 {[%emt 0:00:01]} d4 {[%emt 0:00:00]} 50. h5 {[%emt 0:00:01]} Qxb4 {[%emt 0:00:00]} 51. hxg6 {[%emt 0:00:00]} hxg6 {[%emt 0:00:01]} 52. Kc6 {[%emt 0:00:01]} Qc4+ {[%emt 0:00:00]} 53. Kd7 {[%emt 0:00:00]} d3 {[%emt 0:00:00]} 54. Ke7 {[%emt 0:00:00]} d2 {[%emt 0:00:00]} 55. Kf6 {[%emt 0:00:00]} Qe6+ {[%emt 0:00:01]} 56. Kg5 {[%emt 0:00:00]} d1=Q {[%emt 0:00:01]} 57. Kh6 {[%emt 0:00:00]} Qh5# {[%emt 0:00:01] (Lag: Av=0.64s, max=1.5s)} 0-1

[Event "Stay Safe Play from Home 161"]
[Site "T#646205Emanuel Laske"]
[Date "2020.05.20"]
[Round "5"]
[White "GIULIO19031975"]
[Black "Mosti"]
[Result "0-1"]
[WhiteElo "1832"]
[BlackElo "2474"]
[Annotator "NA"]
[PlyCount "104"]
[EventDate "2020.05.20"]
[EventType "swiss (blitz)"]

1. e4 {[%emt 0:00:03]} e6 {[%emt 0:00:01]} 2. Nf3 {[%emt 0:00:01]} d5 {[%emt 0:00:00]} 3. exd5 {[%emt 0:00:00]} exd5 {[%emt 0:00:01]} 4. d4 {[%emt 0:00:00]} Nf6 {[%emt 0:00:00]} 5. Be2 {[%emt 0:00:00]} Bd6 {[%emt 0:00:03]} 6. h3 {[%emt 0:00:00]} O-O {[%emt 0:00:00]} 7. c3 {[%emt 0:00:00]} c6 {[%emt 0:00:01]} 8. O-O {[%emt 0:00:01]} h6 {[%emt 0:00:00]} 9. Nbd2 {[%emt 0:00:01]} Bf5 {[%emt 0:00:00]} 10. Qb3 {[%emt 0:00:01]} Ne4 {[%emt 0:00:01]} 11. Nxe4 {[%emt 0:00:01]} dxe4 {[%emt 0:00:01]} 12. Nd2 {[%emt 0:00:02]} Qb6 {[%emt 0:00:01]} 13. Qxb6 {[%emt 0:00:01]} axb6 {[%emt 0:00:00]} 14. Nc4 {[%emt 0:00:01]} Bc7 {[%emt 0:00:01]} 15. Be3 {[%emt 0:00:02]} b5 {[%emt 0:00:01]} 16. Nd2 {[%emt 0:00:01]} Nd7 {[%emt 0:00:01]} 17. Bg4 {[%emt 0:00:01]} Bxg4 {[%emt 0:00:02]} 18. hxg4 {[%emt 0:00:01]} Rae8 {[%emt 0:00:00]} 19. Rfe1 {[%emt 0:00:01]} Nf6 {[%emt 0:00:01]} 20. g3 {[%emt 0:00:01]} Nxg4 {[%emt 0:00:01]} 21. c4 {[%emt 0:00:02]} bxc4 {[%emt 0:00:01]} 22. Nxc4 {[%emt 0:00:01]} f5 {[%emt 0:00:01]} 23. Bf4 {[%emt 0:00:02]} Bxf4 {[%emt 0:00:02]} 24. gxf4 {[%emt 0:00:01]} Rd8 {[%emt 0:00:00]} 25. Rad1 {[%emt 0:00:02]} Rd5 {[%emt 0:00:01]} 26. Kg2 {[%emt 0:00:01]} Rfd8 {[%emt 0:00:01]} 27. Ne5 {[%emt 0:00:03]} Nxe5 {[%emt 0:00:01]} 28. fxe5 {[%emt 0:00:01]} Rxd4 {[%emt 0:00:01]} 29. Rxd4 {[%emt 0:00:01]} Rxd4 {[%emt 0:00:00]} 30. Re2 {[%emt 0:00:01]} Kf7 {[%emt 0:00:01]} 31. Kg3 {[%emt 0:00:01]} Ke6 {[%emt 0:00:01]} 32. Kf4 {[%emt 0:00:01]} g5+ {[%emt 0:00:00]} 33. Kg3 {[%emt 0:00:01]} Kxe5 {[%emt 0:00:00]} 34. Rc2 {[%emt 0:00:02]} Rd3+ {[%emt 0:00:01]} 35. Kg2 {[%emt 0:00:01]} f4 {[%emt 0:00:00]} 36. Rc5+ {[%emt 0:00:01]} Kd4 {[%emt 0:00:01]} 37. Rf5 {[%emt 0:00:01]} Rd2 {[%emt 0:00:01]} 38. Rf6 {[%emt 0:00:01]} e3 {[%emt 0:00:00]} 39. Kf3 {[%emt 0:00:01]} Rxf2+ {[%emt 0:00:01]} 40. Kg4 {[%emt 0:00:01]} e2 {[%emt 0:00:00]} 41. Rxh6 {[%emt 0:00:01]} e1=Q {[%emt 0:00:01]} 42. Rd6+ {[%emt 0:00:00]} Ke3 {[%emt 0:00:01]} 43. Re6+ {[%emt 0:00:01]} Kd2 {[%emt 0:00:00]} 44. Rxe1 {[%emt 0:00:02]} Kxe1 {[%emt 0:00:00]} 45. Kxg5 {[%emt 0:00:02]} Rxb2 {[%emt 0:00:00]} 46. Kxf4 {[%emt 0:00:01]} Rxa2 {[%emt 0:00:00]} 47. Ke3 {[%emt 0:00:01]} Rd2 {[%emt 0:00:01]} 48. Kf3 {[%emt 0:00:02]} c5 {[%emt 0:00:00]} 49. Ke3 {[%emt 0:00:01]} c4 {[%emt 0:00:00]} 50. Kf3 {[%emt 0:00:03]} c3 {[%emt 0:00:00]} 51. Ke3 {[%emt 0:00:00]} b5 {[%emt 0:00:00]} 52. Ke4 {[%emt 0:00:01]} b4 {[%emt 0:00:00] GIULIO19031975 abbandona (Lag: Av=0.28s, max=0.7s)} 0-1

[Event "Stay Safe Play from Home 161"]
[Site "T#646205Emanuel Laske"]
[Date "2020.05.20"]
[Round "5"]
[White "Matanant"]
[Black "Emresenar"]
[Result "1-0"]
[WhiteElo "1614"]
[BlackElo "1791"]
[Annotator "NA"]
[PlyCount "83"]
[EventDate "2020.05.20"]
[EventType "swiss (blitz)"]

1. b3 {[%emt 0:00:01]} c6 {[%emt 0:00:01]} 2. Bb2 {[%emt 0:00:00]} b6 {[%emt 0:00:01]} 3. e3 {[%emt 0:00:00]} Bb7 {[%emt 0:00:00]} 4. f4 {[%emt 0:00:00]} Nf6 {[%emt 0:00:00]} 5. Nf3 {[%emt 0:00:00]} g6 {[%emt 0:00:00]} 6. Be2 {[%emt 0:00:00]} Bg7 {[%emt 0:00:00]} 7. O-O {[%emt 0:00:00]} O-O {[%emt 0:00:00]} 8. c4 {[%emt 0:00:00]} d5 {[%emt 0:00:00]} 9. d4 {[%emt 0:00:00]} dxc4 {[%emt 0:00:01]} 10. bxc4 {[%emt 0:00:01]} c5 {[%emt 0:00:00]} 11. d5 {[%emt 0:00:01]} Nbd7 {[%emt 0:00:02]} 12. Qc2 {[%emt 0:00:02]} Qc7 {[%emt 0:00:00]} 13. g3 {[%emt 0:00:02]} e6 {[%emt 0:00:04]} 14. e4 {[%emt 0:00:01]} exd5 {[%emt 0:00:01]} 15. exd5 {[%emt 0:00:01]} Rfe8 {[%emt 0:00:01]} 16. Re1 {[%emt 0:00:02]} Ne4 {[%emt 0:00:02]} 17. Nbd2 {[%emt 0:00:02]} f5 {[%emt 0:00:05]} 18. Bxg7 {[%emt 0:00:02]} Kxg7 {[%emt 0:00:01]} 19. Ng5 {[%emt 0:00:00]} Nf8 {[%emt 0:00:06]} 20. Ndxe4 {[%emt 0:00:03]} fxe4 {[%emt 0:00:02]} 21. Bf1 {[%emt 0:00:01]} e3 {[%emt 0:00:02]} 22. Qc3+ {[%emt 0:00:03]} Kg8 {[%emt 0:00:03]} 23. Rxe3 {[%emt 0:00:00]} Rxe3 {[%emt 0:00:02]} 24. Qxe3 {[%emt 0:00:02]} Qg7 {[%emt 0:00:03]} 25. Re1 {[%emt 0:00:00]} Bc8 {[%emt 0:00:03]} 26. Ne6 {[%emt 0:00:03]} Nxe6 {[%emt 0:00:02]} 27. dxe6 {[%emt 0:00:01]} Qe7 {[%emt 0:00:00]} 28. Bg2 {[%emt 0:00:01]} Rb8 {[%emt 0:00:01]} 29. Bd5 {[%emt 0:00:00]} Bb7 {[%emt 0:00:01]} 30. Qe5 {[%emt 0:00:01]} Bxd5 {[%emt 0:00:02]} 31. Qxb8+ {[%emt 0:00:01]} Qf8 {[%emt 0:00:04]} 32. Qxf8+ {[%emt 0:00:01]} Kxf8 {[%emt 0:00:00]} 33. cxd5 {[%emt 0:00:00]} Ke7 {[%emt 0:00:00]} 34. d6+ {[%emt 0:00:00]} Kxd6 {[%emt 0:00:01]} 35. e7 {[%emt 0:00:01]} Kd5 {[%emt 0:00:00]} 36. e8=Q {[%emt 0:00:00]} Kc4 {[%emt 0:00:00]} 37. Qe6+ {[%emt 0:00:01]} Kb5 {[%emt 0:00:00]} 38. Qb3+ {[%emt 0:00:01]} Ka6 {[%emt 0:00:01]} 39. a4 {[%emt 0:00:00]} Kb7 {[%emt 0:00:01]} 40. Qb5 {[%emt 0:00:01]} a6 {[%emt 0:00:01]} 41. Re7+ {[%emt 0:00:00]} Kc8 {[%emt 0:00:00]} 42. Qe8# {[%emt 0:00:01] (Lag: Av=0.80s, max=1.0s)} 1-0

[Event "Stay Safe Play from Home 161"]
[Site "T#646205Emanuel Laske"]
[Date "2020.05.20"]
[Round "5"]
[White "Trotsky"]
[Black "Lamborghini"]
[Result "0-1"]
[WhiteElo "1512"]
[BlackElo "2156"]
[Annotator "NA"]
[PlyCount "56"]
[EventDate "2020.05.20"]
[EventType "swiss (blitz)"]

1. d4 {[%emt 0:00:01]} d5 {[%emt 0:00:01]} 2. e3 {[%emt 0:00:00]} c6 {[%emt 0:00:01]} 3. c4 {[%emt 0:00:01]} Nf6 {[%emt 0:00:00]} 4. Nc3 {[%emt 0:00:01]} g6 {[%emt 0:00:03]} 5. c5 {[%emt 0:00:02]} Bg7 {[%emt 0:00:01]} 6. Bd3 {[%emt 0:00:01]} O-O {[%emt 0:00:00]} 7. Qc2 {[%emt 0:00:01]} e5 {[%emt 0:00:01]} 8. Nf3 {[%emt 0:00:01]} e4 {[%emt 0:00:01]} 9. Nxe4 {[%emt 0:00:01]} dxe4 {[%emt 0:00:01]} 10. Bxe4 {[%emt 0:00:01]} Nxe4 {[%emt 0:00:01]} 11. Qxe4 {[%emt 0:00:01]} b6 {[%emt 0:00:02]} 12. Qd3 {[%emt 0:00:03]} Ba6 {[%emt 0:00:01]} 13. Qc2 {[%emt 0:00:02]} bxc5 {[%emt 0:00:01]} 14. Bd2 {[%emt 0:00:01]} cxd4 {[%emt 0:00:01]} 15. exd4 {[%emt 0:00:01]} Nd7 {[%emt 0:00:02]} 16. O-O-O {[%emt 0:00:01]} Rb8 {[%emt 0:00:01]} 17. Bc3 {[%emt 0:00:02]} Nb6 {[%emt 0:00:01]} 18. Ng5 {[%emt 0:00:01]} Nd5 {[%emt 0:00:01]} 19. h4 {[%emt 0:00:01]} h6 {[%emt 0:00:01]} 20. h5 {[%emt 0:00:01]} Qxg5+ {[%emt 0:00:02]} 21. Kb1 {[%emt 0:00:02]} Nxc3+ {[%emt 0:00:01]} 22. Ka1 {[%emt 0:00:02]} c5 {[%emt 0:00:00]} 23. hxg6 {[%emt 0:00:01]} cxd4 {[%emt 0:00:02]} 24. f4 {[%emt 0:00:04]} Qxf4 {[%emt 0:00:01]} 25. Rdg1 {[%emt 0:00:02]} Qg5 {[%emt 0:00:01]} 26. Rf1 {[%emt 0:00:01]} d3 {[%emt 0:00:01]} 27. gxf7+ {[%emt 0:00:08]} Rxf7 {[%emt 0:00:01]} 28. Qa4 {[%emt 0:00:08]} Nxa4 {[%emt 0:00:02] Trotsky Ñäàåòñÿ (Lag: Av=0.28s, max=0.7s)} 0-1